Notas antifilosóficas / (Registro nro. 3187)

Detalles MARC
000 -CABECERA
campo de control de longitud fija 01402nam a22002897a 4500
003 - IDENTIFICADOR DEL NÚMERO DE CONTROL
campo de control AR-RoIUNI
005 - FECHA Y HORA DE LA ÚLTIMA TRANSACCIÓN
campo de control 20180726085910.0
007 - CAMPO FIJO DE DESCRIPCIÓN FÍSICA--INFORMACIÓN GENERAL
campo de control de longitud fija ta
008 - DATOS DE LONGITUD FIJA--INFORMACIÓN GENERAL
campo de control de longitud fija 160831s2003 ag |||||r|||| 00| 0 spa d
020 ## - NÚMERO INTERNACIONAL ESTÁNDAR DEL LIBRO
Número Internacional Estándar del Libro 9872077088
040 ## - FUENTE DE LA CATALOGACIÓN
Centro/agencia transcriptor AR-RoIUNI
080 ## - NÚMERO DE LA CLASIFICACIÓN DECIMAL UNIVERSAL
Número de la Clasificación Decimal Universal 14:159.9
100 1# - ENTRADA PRINCIPAL--NOMBRE DE PERSONA
Nombre de persona Alemán, Jorge,
Títulos y otros términos asociados al nombre 1951-
9 (RLIN) 8
Fechas asociadas al nombre 1951-
245 10 - MENCIÓN DE TÍTULO
Título Notas antifilosóficas /
Mención de responsabilidad, etc. Jorge Alemán.
260 ## - PUBLICACIÓN, DISTRIBUCIÓN, ETC. (PIE DE IMPRENTA)
Lugar de publicación, distribución, etc. Buenos Aires :
Nombre del editor, distribuidor, etc. Grama,
Fecha de publicación, distribución, etc. 2003.
300 ## - DESCRIPCIÓN FÍSICA
Extensión 95 p. ;
Dimensiones 21 cm.
490 0# - MENCIÓN DE SERIE
Mención de serie Tri
505 0# - NOTA DE CONTENIDO CON FORMATO
Nota de contenido con formato Notas sobre Lacan y Sartre: el decisionismo -- Nota sobre la tesis de Jacques Lacan: "No hay relación sexual" -- Nota sobre el 11 de Septiembre -- Nota sobre el miedo y la angustia (entre Heidegger y Freud) -- Freudiana pregunta, psicoanálisis y modernidad -- Nota sobre lo impolítico en Argentina -- Nota sobre un maestro en Alemania -- Agalma pregunta, el psicoanálisis del siglo XXI -- Nota sobre Lacan, Foucault: el construccionismo -- ¿Una nueva disciplina? Entrevista realizada por Judith Miller.
600 1# - PUNTO DE ACCESO ADICIONAL DE MATERIA--NOMBRE DE PERSONA
Nombre de persona Lacan, Jacques,
Fechas asociadas al nombre 1901-1981.
Título de la obra No hay relación sexual.
Subdivisión general CRÍTICA E INTERPRETACIÓN
600 1# - PUNTO DE ACCESO ADICIONAL DE MATERIA--NOMBRE DE PERSONA
Nombre de persona Freud, Sigmund,
Fechas asociadas al nombre 1856-1939
Subdivisión general CRÍTICA E INTERPRETACIÓN
600 1# - PUNTO DE ACCESO ADICIONAL DE MATERIA--NOMBRE DE PERSONA
Nombre de persona Heidegger, Martin,
Fechas asociadas al nombre 1889-1976.
Subdivisión general CRÍTICA E INTERPRETACIÓN
600 1# - PUNTO DE ACCESO ADICIONAL DE MATERIA--NOMBRE DE PERSONA
Nombre de persona Foucault, Michel,
Fechas asociadas al nombre 1926-1984.
Subdivisión general CRÍTICA E INTERPRETACIÓN
650 #4 - PUNTO DE ACCESO ADICIONAL DE MATERIA--TÉRMINO DE MATERIA
Término de materia o nombre geográfico como elemento inicial PSICOLOGÍA
650 #4 - PUNTO DE ACCESO ADICIONAL DE MATERIA--TÉRMINO DE MATERIA
Término de materia o nombre geográfico como elemento inicial FILOSOFÍA
650 #4 - PUNTO DE ACCESO ADICIONAL DE MATERIA--TÉRMINO DE MATERIA
Término de materia o nombre geográfico como elemento inicial PSICOANÁLISIS
942 ## - ELEMENTOS DE PUNTO DE ACCESO ADICIONAL (KOHA)
Fuente del sistema de clasificación o colocación Clasificación Decimal Universal
Tipo de ítem Koha Libros
Existencias
Estado de retiro Estado de pérdida Fuente del sistema de clasificación o colocación Estado dañado Excepción de préstamo Código de colección Localización permanente Ubicación/localización actual Ubicación en estantería Fecha de adquisición Número de inventario Total de préstamos Signatura topográfica completa Código de barras Fecha visto por última vez Fecha del último préstamo Número de copia Precio válido a partir de Tipo de ítem Koha Nota pública
    Clasificación Decimal Universal     Psicología BIBLIOTECA RIOBAMBA BIBLIOTECA RIOBAMBA BIBLIOTECA RIOBAMBA 01/08/2016 3282 1 14:159.9 ALE 3282 04/08/2025 04/07/2025 1 31/08/2016 Libros Donación Pablo Zöpke